Využitie procesného modelovania v riadení ľudských zdrojov dizertačná práca

Gespeichert in:
Bibliographische Detailangaben
1. Verfasser: Blštáková, Jana, 1980-
Körperschaft: Ekonomická univerzita v Bratislave. Fakulta podnikového manažmentu
Weitere Verfasser: Kachaňáková, Anna
Format: Buch
Sprache:Slowakisch
Veröffentlicht: Bratislava 2010
Schlagworte:
Tags: Tag hinzufügen
Keine Tags, Fügen Sie das erste Tag hinzu!

MARC

LEADER 00000nam$a2200000$$$4500
001 0116578
005 20240502072311.8
041 0 |a slo 
044 |a SK 
245 1 0 |a Využitie procesného modelovania v riadení ľudských zdrojov  |b dizertačná práca  |c Jana Blštáková ; škol. Anna Kachaňáková 
264 1 |a Bratislava  |c 2010 
300 |a 183 s. 
610 2 0 |a riadenie ľudských zdrojov 
610 2 0 |a modelovanie 
100 1 |a Blštáková, Jana, 1980- 
700 1 |a Kachaňáková, Anna 
710 2 |a Ekonomická univerzita v Bratislave. Fakulta podnikového manažmentu